| 000 | 00635nam a2200205 4500 | ||
|---|---|---|---|
| 003 | OSt | ||
| 005 | 20240624055700.0 | ||
| 006 | a | ||
| 008 | 240624b |||||||| |||| 00| 0 eng d | ||
| 020 | _a9780071770613 | ||
| 040 |
_aDWCL-Main lib. _cOC |
||
| 082 | _aCirc. 658.7 B973p 2012 | ||
| 100 | _aBurt, David N. | ||
| 245 | _aProactive purchasing in the supply chain : the key to world-class procurement / | ||
| 260 |
_aN.Y. : _bMcGraw-Hill, _cc2012. |
||
| 300 |
_axxxi, _b736 p. : ill. ; _c24 cm. |
||
| 504 | _aIncludes bibliographical references & index. | ||
| 650 | _a1. Business logistics. | ||
| 942 |
_2ddc _n0 _cBK-CIRC _kCirc. |
||
| 999 |
_c1223 _d1223 |
||